| 000 | 01119cam a22002895a 4500 | ||
|---|---|---|---|
| 001 | 16530777 | ||
| 005 | 20160202141927.0 | ||
| 008 | 101103s2008 caua frb f001 0 eng d | ||
| 020 | _a9780520257535 (pbk.) | ||
| 040 |
_aUKM _cUKM _dBTCTA _dYDXCP _dBWKUK _dBWK _dAFQ _dBAKER _dBWX _dCDX _dGUA _dVP@ _dIAI _dGEBAY _dDLC _dEG-ScBUE _beng |
||
| 043 | _aaw----- | ||
| 082 | 0 | 4 |
_222 _a327.56061 _bSMI |
| 100 | 1 |
_aSmith, Dan, _939230 _d1951- |
|
| 245 | 1 | 4 |
_aThe state of the Middle East : _ban atlas of conflict and resolution / _cDan Smith. |
| 250 | _aUpdated 2nd ed. | ||
| 260 |
_aBerkeley : _bUniversity of California Press, _c2008. |
||
| 300 |
_a148 p. : _bill. (col.) ; _c25 cm. |
||
| 500 | _aPrevious ed.: 2006. | ||
| 500 | _aCover: "Honored by the American Library Association ـــــ "Best of the Best: Books You Should Know About" ". | ||
| 500 | _aIndex : p.146-148. | ||
| 504 | _aBibliography : p. 142-145. | ||
| 650 | _2BUEsh | ||
| 651 | 7 |
_aMiddle East _xPolitics and government. _2BUEsh _911754 |
|
| 651 | 7 |
_aMiddle East _xForeign relations. _2BUEsh _913921 |
|
| 653 |
_bBUSBOL _cJuly2015 _cFebruary2016 |
||
| 942 | _2ddc | ||
| 999 |
_c20202 _d20174 |
||